Movies Quiz

Random Movies or Marvel Quiz
Score 0/23 Timer 04:00
0 Plays Today
Vowel-less Film % Correct
RHTThor
95.2%
2 NM NRIron Man 2
95%
3 NM NRIron Man 3
94.7%
NM NRIron Man
94.4%
DLRW KRD HT :RHTThor: The Dark World
94.2%
NM-TNAnt-Man
93.7%
RGNV TSRF HT :CRM NTPCCaptain America: The First Avenger
93.3%
RW LVC :CRM NTPCCaptain America: Civil War
93%
RHTNP KCLBBlack Panther
92.7%
KRNGR :RHTThor: Ragnarok
92.7%
RDLS RTNW HT :CRM NTPCCaptain America: The Winter Soldier
92.4%
2 .LV XLG HT F SNDRGGuardians Of The Galaxy Vol. 2
92.2%
Vowel-less Film % Correct
MH MRF RF: NM-RDPSSpider-Man: Far From Home
91.8%
RW TNFN :SRGNVAvengers: Infinity War
91.6%
LVRM NTPCCaptain Marvel
91.4%
NRTL F G :SRGNVAvengers: Age Of Ultron
91.3%
GNMCMH :NM-RDPSSpider-Man: Homecoming
91.2%
PSW HT DN NM-TNAnt-Man And The Wasp
91%
XLG HT F SNDRGGuardians Of The Galaxy
90.9%
SRGNV HTThe Avengers
90.5%
MGDN :SRGNVAvengers: Endgame
90.4%
GNRTS RTCDDoctor Strange
88.8%
KLH LBDRCN HTThe Incredible Hulk
87.5%
Remove Ads.
Support Sporcle.
Get the best of Sporcle when you Go Orange. This ad-free experience offers more features, more stats, and more fun while also helping to support Sporcle. Thank you for becoming a member.

You're not logged in!

Compare scores with friends on all Sporcle quizzes.
OR
Log In

Show Comments

Extras

Top Quizzes Today


Score Distribution

Your Account Isn't Verified!

In order to create a playlist on Sporcle, you need to verify the email address you used during registration. Go to your Sporcle Settings to finish the process.

Report this User

Report this user for behavior that violates our Community Guidelines.

Details: